000 07592nam a22005897a 4500
005 20091104140552.0
010 _aHIN-88253
020 _a9788183220910
_c295.00
035 _aHN-60599
035 _aB-368459-482
037 _bDBAD / VEN
037 _bबुक सप्लाई कंपनी/ VEN
082 _a230.53
100 _aस्वयं प्रकाश
_96676
245 _aजीना सिखा दियाः
_cस्वयं प्रकाश
_bश्री श्री रवि शंकरः एक जीवनी /
246 _aJiina sikhaa diyaa
_bby Swayam Prakash
260 _aभोपाल
_bमंजुल पब्लिशिंग हाउस
_c2009
270 _a10,निशार कॉलोनी
_bभोपाल
_e462003
_k917554240340
_mmanjul@manjulindia.com
300 _a385पृ.
_c22सेमी(अजिल्द)
600 _aरवि शंकर, श्री श्री, 1956-
_96677
650 _aगुरु
_vजीवनी
_96678
650 _a Gurus
_vBiography
_96679
700 _a
_96680
700 _a
_96681
942 _2ddc
_cHN
_mरविशं
_h230.53
999 _c31354
_d31354